书目信息 |
| 题名: |
落石冲击下拱形明洞结构概率可靠度分析
|
|
| 作者: | 王玉锁 著 | |
| 分册: | ||
| 出版信息: | 成都 西南交通大学出版社 2017.08 |
|
| 页数: | 189页 | |
| 开本: | 26cm | |
| 丛书名: | ||
| 单 册: | ||
| 中图分类: | U216.41 , U453.2 | |
| 科图分类: | ||
| 主题词: | 落石--冲击力--研究 , 明洞--结构可靠性--分析--研究 | |
| 电子资源: | ||
| ISBN: | 978-7-5643-5732-0 | |
| 000 | 00927nam0 2200253 450 | |
| 001 | 5236 | |
| 005 | 20181014155210.12 | |
| 010 | @a978-7-5643-5732-0@dCNY68.00 | |
| 100 | @a20171116d2017 em y0chiy50 ea | |
| 101 | 0 | @achi |
| 102 | @aCN@b510000 | |
| 105 | @aa z 000yy | |
| 200 | 1 | @a落石冲击下拱形明洞结构概率可靠度分析@9luo shi chong ji xia gong xing ming dong jie gou gai lv ke kao du fen xi@f王玉锁著 |
| 210 | @a成都@c西南交通大学出版社@d2017.08 | |
| 215 | @a189页@c图@d26cm | |
| 300 | @a四川省科技计划项目 (2013GZ0047) 资助 | |
| 330 | @a本书共六章,内容包括:绪论、防落石明洞冲击荷载的作用机理研究、防落石明洞冲击荷载计算模型研究、落实冲击下拱形明洞结构概率可靠性分析等。 | |
| 606 | 0 | @a落石@x冲击力@x研究 |
| 606 | 0 | @a明洞@x结构可靠性@x分析@x研究 |
| 690 | @aU216.41@v5 | |
| 690 | @aU453.2@v5 | |
| 701 | 0 | @a王玉锁@9wang yu suo@f(1974-)@4著 |
| 801 | 0 | @aCN@b91MARC@c20171116 |
| 905 | @aMuseLib@dU216.41@e793 | |
| 落石冲击下拱形明洞结构概率可靠度分析/王玉锁著.-成都:西南交通大学出版社,2017.08 |
| 189页:图;26cm |
| 四川省科技计划项目 (2013GZ0047) 资助 |
| ISBN 978-7-5643-5732-0:CNY68.00 |
| 本书共六章,内容包括:绪论、防落石明洞冲击荷载的作用机理研究、防落石明洞冲击荷载计算模型研究、落实冲击下拱形明洞结构概率可靠性分析等。 |
| ● |
| 相关链接 |
|
|
|
|
正题名:落石冲击下拱形明洞结构概率可靠度分析
索取号:U216.41/793
 
预约/预借
| 序号 | 登录号 | 条形码 | 馆藏地/架位号 | 状态 | 备注 |
| 1 | 1128749 | 211287490 | 第二样本阅览室/ [索取号:U216.41/793] | 在馆 | |
| 2 | 1128750 | 211287506 | 第三借阅区/ [索取号:U216.41/793] | 在馆 | |
| 3 | 1128751 | 211287515 | 第三借阅区/ [索取号:U216.41/793] | 在馆 | |
| 4 | 1128752 | 211287524 | 第三借阅区/ [索取号:U216.41/793] | 在馆 | |
| 5 | 1128753 | 211287533 | 密集书库-资源管理系/ [索取号:U216.41/793] | 在馆 |